000
00297nam a22001217a 4500
020
_a
0-600-331458
082
_a
355.0203 ENC'S
100
_a
SALOMANDER
_9
76627
245
_a
THE ENCYCLOPEDIA OF LAND WARFARE IN THE 20TH CENTURY
260
_a
LONDON
_b
SPRING
_c
1977
300
_a
248P
942
_c
BK
999
_c
581973
_d
581973